| 000 | 00600nam a22001817a 4500 | ||
|---|---|---|---|
| 005 | 20241205091243.0 | ||
| 008 | 241205b |||||||| |||| 00| 0 eng d | ||
| 020 | _a9781485152200 | ||
| 041 | _aEnglish | ||
| 082 | _a344.1 AWA | ||
| 100 | _lEnglish | ||
| 245 |
_aThe Role of Labour Court in the Transformation Age: The Namibian and South African Context / _cMR Awarab and GN Moshoana |
||
| 250 | _aFirst Edition | ||
| 260 |
_aCape Town: _bJuta and Company Ltd, _c2024 |
||
| 300 |
_bxlii, 265 pages; _c26 cm. |
||
| 650 |
_aLegal practice _bLaw |
||
| 942 |
_cBK _6ALISON_BN_VRIES |
||
| 999 |
_c3274 _d3274 |
||